El matrimonio misterio y signo: siglos XIV-XVI
Gorde:
| Egile nagusia: | |
|---|---|
| Formatua: | Liburua |
| Hizkuntza: | gaztelania |
| Argitaratua: |
Pamplona
EUNSA
1971
|
| Gaiak: | |
| Etiketak: |
Etiketa erantsi
Etiketarik gabe, Izan zaitez lehena erregistro honi etiketa jartzen!
|
MARC
| LEADER | 00000nam a2200000 a 4500 | ||
|---|---|---|---|
| 001 | UCX2392 | ||
| 003 | CL-VaPUC | ||
| 008 | 910509e19710000SP |||||||||||||||||spa|d | ||
| 082 | 0 | 4 | |a 262.9 |b TEJ |2 21 |
| 100 | 0 | |a Tejero, Eloy |e author |9 318310 | |
| 245 | 1 | 3 | |a El matrimonio misterio y signo: siglos XIV-XVI |
| 300 | |a 566 p | ||
| 942 | |c BK | ||
| 945 | |d 19910509 00:00:00 | ||
| 260 | |a Pamplona |b EUNSA |c 1971 | ||
| 650 | 7 | |a MATRIMONIO E IGLESIA CATOLICA |2 CL-VaPUC |9 318311 | |
| 650 | 7 | |a MATRIMONIO DERECHO CANONICO |2 CL-VaPUC |9 318312 | |
| 583 | |a last modification |c 19910509 00:00:00 |k Rodrigo Vera | ||
| 999 | |c 223425 |d 223423 | ||
| 952 | |0 0 |1 0 |4 0 |6 262_900000000000000_TEJ_1971 |7 0 |8 A |9 219201 |a BIBTEO |b BIBTEO |d 2019-11-15 |i 2879646 |o 262.9 TEJ 1971 |p 2879646 |r 2025-01-17 |w 2019-11-15 |y BK |k ICR | ||